| 000 | 00599nam a2200229Ia 4500 | ||
|---|---|---|---|
| 003 | OSt | ||
| 005 | 20221007074142.0 | ||
| 006 | a|||||r|||| 00| 0 | ||
| 007 | ta | ||
| 008 | 221006b |||||||| |||| 00| 0 eng d | ||
| 024 | _a25,766 | ||
| 037 | _cTextual | ||
| 040 |
_aFLL _cFLL _beng |
||
| 041 |
_2eng _aeng |
||
| 082 | _a2:883, F2 | ||
| 100 | _aNair P. Krishnan | ||
| 245 | 0 | _aIndian Bar Councils Act | |
| 260 |
_aMadras _bMadras Law Times Office India _c1927 |
||
| 300 |
_axxxv,1-122p _ccm. |
||
| 942 |
_h2:883, F2 _cTEXL _2CC |
||
| 999 |
_c1151350 _d1151350 |
||